000 00686nam a22002417a 4500
001 57769
005 20260418163414.0
008 260309s1992 nyu b 001 0 eng
020 _a9780062715449
020 _a9780062731333
040 _aBD-DhIUB
_cBD-DhIUB
_dBD-DhIUB
082 0 0 _a070.52
_220
_bA6464h
100 1 _aAppelbaum, Judith.
245 1 0 _aHow to get happily published /
_cJudith Appelbaum.
250 _a4th ed.
260 _aNew York, N.Y. :
_bHarperPerennial,
_c1992.
300 _axv, 317 p. :
_c22 cm.
526 _aLIB
_lGEN
650 0 _aAuthorship
_xMarketing.
650 0 _aAuthors and publishers.
650 0 _aPublishers and publishing.
942 _2ddc
_cBK
999 _c57769
_d57943